The terminator Ο εξολοθρευτής
Στο κοντινό μέλλον άνθρωποι και μηχανές βρίσκονται σε διαρκή πόλεμο, μέχρι που το 2029, η νίκη των ανθρώπων είναι σχεδόν βέβαιη, εξαιτίας του ηρωισμού του ηγέτη μιας ομάδας επαναστατών, τον Τζον Κόνορ. Για να αποφύγουν την ήττα οι μηχανές στέλνουν πίσω στο χρόνο έναν εξολοθρευτή για να δολοφονήσει τ...
Αποθηκεύτηκε σε:
| Άλλοι συγγραφείς: | , |
|---|---|
| Μορφή: | |
| Γλώσσα: | English Multiple |
| Δημοσίευση: |
[S.l.] :
MGM Home Entertainment,
c2001.
|
| Έκδοση: | Special ed. |
| Θέματα: | |
| Ετικέτες: |
Προσθήκη ετικέτας
Δεν υπάρχουν, Καταχωρήστε ετικέτα πρώτοι!
|
MARC
| LEADER | 00000cgm a2200000 i 4500 | ||
|---|---|---|---|
| 001 | 1/5158 | ||
| 008 | 100303s2001 xx ||| | || ||eng|| | ||
| 035 | |l 10107064 | ||
| 040 | |a GR-MyUa |b gre |e AACR2 | ||
| 041 | 0 | |a eng |j mul | |
| 082 | 7 | |a 791.437 |2 (22) | |
| 245 | 0 | 4 | |a The terminator |h [μαγνητοσκόπηση] = |b Ο εξολοθρευτής / |c σκηνοθεσία Τζέημς Κάμερον. |
| 246 | 1 | |i Παράλληλος τίτλος: |a Ο εξολοθρευτής | |
| 250 | |a Special ed. | ||
| 260 | |a [S.l.] : |b MGM Home Entertainment, |c c2001. | ||
| 300 | |a 2 βιντεοδίσκοι (103 λεπτ.) : |b ομίλ., έγχρ. ; |c 4 3/4 ίν. | ||
| 500 | |a Κυκλοφόρησε πρώτη φορά ως κινηματογραφική ταινία το 1984. | ||
| 505 | 8 | |a Disc 1 Η ταινία -- Disc 2 Πρόσθετες παροχές. | |
| 508 | |a Διεύθυνση φωτογραφίας, Άνταμ Γκρήνμπεργκ ; εκτέλεση παραγωγής, Τζον Ντάλυ & Ντέρεκ Γκίμπσον ; σενάριο, Τζέημς Κάμερον & Γκέηλ Ανν Χαρντ ; παραγωγή, Γκέηλ Ανν Χαρντ. | ||
| 511 | 0 | |a Άρνολντ Σβαρτζενέγκερ, Μάικλ Μπην, Λίντα Χάμιλτον, Πολ Γουίνφηλντ. | |
| 520 | 8 | |a Στο κοντινό μέλλον άνθρωποι και μηχανές βρίσκονται σε διαρκή πόλεμο, μέχρι που το 2029, η νίκη των ανθρώπων είναι σχεδόν βέβαιη, εξαιτίας του ηρωισμού του ηγέτη μιας ομάδας επαναστατών, τον Τζον Κόνορ. Για να αποφύγουν την ήττα οι μηχανές στέλνουν πίσω στο χρόνο έναν εξολοθρευτή για να δολοφονήσει τη μητέρα του Τζον, πριν καν τον γεννήσει. | |
| 546 | |a Στα αγγλικά με υπότιτλους στα ελληνικά. | ||
| 650 | 0 | |a Cyborgs |v Drama. | |
| 655 | 7 | |a Feature films |2 lcgft | |
| 700 | 1 | |a Cameron, James, |d 1954- |e drt | |
| 700 | 1 | |a Schwarzenegger, Arnold, |e act | |
| 852 | |a INST |b SYROS |c AV |e 20100303 |h 791.437 CAM |p 005500007806 |q 005500007806 |t DVD |y 23 |z Disc.1 | ||
| 852 | |a INST |b SYROS |c AV |e 20100303 |h 791.437 CAM |p 005500007807 |q 005500007807 |t DVD |y 23 |z Disc.2 | ||
| 852 | |a INST |b SYROS |c AV |e 20100303 |h 791.437 CAM |p 005500007806 |q 005500007806 |t DVD |v Disc.1: |y 23 |z Disc.1 | ||
| 852 | |a INST |b SYROS |c AV |e 20100303 |h 791.437 CAM |p 005500007807 |q 005500007807 |t DVD |v Disc.2: |y 23 |z Disc.2 | ||
| 853 | |a INST |b SYROS |c AV |h 791.437 CAM | ||
| 901 | |a BIBL5-2008-1 | ||
| 922 | |a 5ΕΛΗ |b 200709 |c Βιβλιοθήκη Σύρου |d Anaco | ||
| 970 | |a Κοντού |b Παρασκευή |z 03/03/2010 | ||